000 00431nmm a2200157Ia 4500
008 251105s9999||||xx |||||||||||||||||und||
041 _aspa
100 _aCedrán Vanessa
245 0 _aHasta la eternidad
264 _a[Madrid, España] :
_bEditorial Egales,
_c2018
300 _a179 páginas
490 _aNarrativa
650 _aSpanish narrative
856 _uhttps://public.digitaliapublishing.com/a/160858
942 _cCF
999 _c100212
_d100212